The power of appreciation in business: (Record no. 57140)

MARC details
000 -LEADER
fixed length control field 00868nam a22002057a 4500
005 - DATE AND TIME OF LATEST TRANSACTION
control field 20110929111350.0
010 ## - LCCN (DPL NO)
LC control number G-001619
020 ## - INTERNATIONAL STANDARD BOOK NUMBER
Terms of availability 195.00
International Standard Book Number 9788189107611
035 1d - SYSTEM CONTROL NUMBER
System control number G-001619
037 ## - SOURCE OF ACQUISITION
Source of stock number/acquisition Gift
082 ## - DEWEY DECIMAL CLASSIFICATION NUMBER
Classification number 179.9
100 ## - MAIN ENTRY--PERSONAL NAME
Personal name Nelson, Noelle C.
245 E# - TITLE STATEMENT
Title The power of appreciation in business:
Statement of responsibility, etc by Noelle C. Nelson
Remainder of title how an obsession with value increases performance, productivity and profits /
260 ## - PUBLICATION, DISTRIBUTION, ETC. (IMPRINT)
Place of publication, distribution, etc Bhopal
Name of publisher, distributor, etc Indra Publishing House
Date of publication, distribution, etc 2009
270 ## - ADDRESS
Address E-5/21, Arera Colony, Habibganj Police Station Road
City Bhopal
Postal code 462016
300 ## - PHYSICAL DESCRIPTION
Extent xvi, 182p.
Dimensions 24cm(pbk)
942 ## - ADDED ENTRY ELEMENTS (KOHA)
Source of classification or shelving scheme Dewey Decimal Classification
Item type English Books
Classification part 179.9
Call number suffix NEL
Holdings
Withdrawn status Lost status Not for loan Collection code Home library Current library Date acquired Source of acquisition Cost, normal purchase price Full call number Barcode Copy number Cost, replacement price Koha item type
      Non-fiction Janak Puri Janak Puri 29/09/2011 gift 195.00 179.9 NEL G-001619 1 195.00 English Books

© Delhi Public Library
Hit Counter
free hit counter